Statystyki dla Aktorzy MCU przez zdjęcie

Kliknij tutaj aby rozwiązać quiz!

Ogólne statystyki

  • Ten quiz został rozwiązany 328 razy
  • Średni wynik to 11 z 20

Statystyki odpowiedzi

Odpowiedź% Poprawnych
Scarlett Johansson
(Black Widow)
91%
Tom Holland
(Spider-Man)
91%
Robert Downey Jr.
(Iron Man)
90%
Chris Evans
(Kapitan Ameryka)
82%
Chris Hemsworth
(Thor)
80%
Chris Pratt
(Star-Lord)
75%
Samuel L. Jackson
(Nick Fury)
75%
Tom Hiddleston
(Loki)
65%
Mark Ruffalo
(Hulk)
62%
Benedict Cumberbatch
(Doctor Strange)
58%
Brie Larson
(Captain Marvel)
54%
Jeremy Renner
(Hawkeye)
52%
Paul Rudd
(Ant-Man)
47%
Michael B. Jordan
(Killmonger)
44%
Zoe Saldana
(Gamora)
33%
Gwyneth Paltrow
(Pepper Potts)
29%
Idris Elba
(Heimdall)
25%
Josh Brolin
(Thanos)
17%
Jeff Goldblum
(Grandmaster)
15%
James Spader
(Ultron)
5%

Rozkład punktacji

Percentyl według liczby udzielonych odpowiedzi

Procent ludzi z każdym wynikiem

Twoja historia wyników

Nie rozwiązałeś tego quizu